000 00487nam a2200193Ia 4500
003 IIN
005 20240125155227.0
008 231217s9999 xx 000 0 und d
020 _cRs.650.00
_a9789352703791
040 _aIIN
_bEnglish
082 _a615.1
_bUDA
100 1 _aUdaykumar, Padmaja
245 1 _aPharmacology for Nurses
_cPadmaja Udaykumar
250 _a4th ed
260 _bJaypee
_aNew Delhi
_c2019
300 _axvii, 461 p.
650 1 _aPharmacology
942 _cBOOK
999 _c668
_d668